000 00578nam a2200241Ia 4500
003 OSt
005 20221005130141.0
006 a|||||r|||| 00| 0
007 ta
008 221004b |||||||| |||| 00| 0 guj d
024 _a47434
037 _cTextual
040 _aCRL
_cCRL
_bguj
041 _2guj
_aguj
082 _aO156,3N08,1, 31J5
100 _aThakur
245 0 _aRaja nartaki
260 _c1955
300 _a296
_ccm.
650 _aGUJRATI LITERATURE
942 _hO156,3N08,1, 31J5
_cTEXL
_2cc
999 _c1056245
_d1056245